<?xml version="1.0" encoding="UTF-8"?>
<record
    xmlns:xsi="http://www.w3.org/2001/XMLSchema-instance"
    xsi:schemaLocation="http://www.loc.gov/MARC21/slim http://www.loc.gov/standards/marcxml/schema/MARC21slim.xsd"
    xmlns="http://www.loc.gov/MARC21/slim">

  <leader>04593cam a2200613 i 4500</leader>
  <controlfield tag="001">0007418993</controlfield>
  <controlfield tag="003">OSt</controlfield>
  <controlfield tag="005">20260530103423.0</controlfield>
  <controlfield tag="008">210227s2025    quca            0 0afre  </controlfield>
  <datafield tag="020" ind1=" " ind2=" ">
    <subfield code="a">9782925400196</subfield>
  </datafield>
  <datafield tag="040" ind1=" " ind2=" ">
    <subfield code="a">QMBN</subfield>
    <subfield code="b">fre</subfield>
    <subfield code="e">rda</subfield>
    <subfield code="c">QMBN</subfield>
    <subfield code="d">QMBND</subfield>
  </datafield>
  <datafield tag="043" ind1=" " ind2=" ">
    <subfield code="a">n-cn-qu</subfield>
  </datafield>
  <datafield tag="050" ind1=" " ind2="4">
    <subfield code="a">PS9631*</subfield>
  </datafield>
  <datafield tag="082" ind1="0" ind2="4">
    <subfield code="a">928.41 P459f</subfield>
    <subfield code="2">23/fre/202503</subfield>
  </datafield>
  <datafield tag="082" ind1="0" ind2="5">
    <subfield code="a">928.41</subfield>
    <subfield code="b">P459f</subfield>
    <subfield code="2">23/fre/202503</subfield>
  </datafield>
  <datafield tag="091" ind1="0" ind2=" ">
    <subfield code="a">928.41</subfield>
  </datafield>
  <datafield tag="100" ind1="1" ind2=" ">
    <subfield code="a">Perron, M&#xE9;lissa,</subfield>
    <subfield code="d">1980-</subfield>
    <subfield code="e">auteur</subfield>
    <subfield code="e">illustrateur</subfield>
  </datafield>
  <datafield tag="245" ind1="1" ind2="0">
    <subfield code="a">Femme cam&#xE9;l&#xE9;on /</subfield>
    <subfield code="c">[textes et illustrations] M&#xE9;lissa Perron</subfield>
  </datafield>
  <datafield tag="264" ind1=" " ind2="1">
    <subfield code="a">Montr&#xEF;&#xBF;&#xBD;al (Qu&#xEF;&#xBF;&#xBD;bec) :</subfield>
    <subfield code="b">KO &#xEF;&#xBF;&#xBD;ditions,</subfield>
    <subfield code="c">[2025]</subfield>
  </datafield>
  <datafield tag="300" ind1=" " ind2=" ">
    <subfield code="a">247 pages :</subfield>
    <subfield code="b">illustrations en couleur ;</subfield>
    <subfield code="c">21 cm</subfield>
  </datafield>
  <datafield tag="336" ind1=" " ind2=" ">
    <subfield code="a">texte</subfield>
    <subfield code="b">txt</subfield>
    <subfield code="2">rdacontent</subfield>
  </datafield>
  <datafield tag="336" ind1=" " ind2=" ">
    <subfield code="a">image fixe</subfield>
    <subfield code="b">sti</subfield>
    <subfield code="2">rdacontent</subfield>
  </datafield>
  <datafield tag="337" ind1=" " ind2=" ">
    <subfield code="a">sans m&#xEF;&#xBF;&#xBD;diation</subfield>
    <subfield code="b">n</subfield>
    <subfield code="2">rdamedia</subfield>
  </datafield>
  <datafield tag="338" ind1=" " ind2=" ">
    <subfield code="a">volume</subfield>
    <subfield code="b">nc</subfield>
    <subfield code="2">rdacarrier</subfield>
  </datafield>
  <datafield tag="520" ind1=" " ind2=" ">
    <subfield code="a">"Vous &#xEA;tes une femme autiste. Je n'ai aucun doute l&#xE0;-dessus." &#xC0; 38 ans, lorsqu'elle entend ces mots prononc&#xE9;s par la psychologue, M&#xE9;lissa Perron fond en larmes. Ce n'est pas seulement un diagnostic qui vient d'&#xEA;tre pos&#xE9;, c'est un billet pour une nouvelle vie apr&#xE8;s des ann&#xE9;es d'errance m&#xE9;dicale. Dans Femme cam&#xE9;l&#xE9;on, l'autrice et illustratrice raconte son p&#xE9;riple dans les profondeurs: de son enfance v&#xE9;cue comme "dans un aquarium d&#xE9;pos&#xE9; dans la mer" jusqu'&#xE0; sa remont&#xE9;e &#xE0; la surface, &#xE0; l'&#xE2;ge adulte, quand elle d&#xE9;couvre que sa diff&#xE9;rence porte un nom. Ce r&#xE9;cit illustr&#xE9; troublant de vuln&#xE9;rabilit&#xE9; est destin&#xE9; &#xE0; toutes les "femmes cam&#xE9;l&#xE9;ons", et &#xE0; ceux qui les c&#xF4;toient.</subfield>
  </datafield>
  <datafield tag="600" ind1="1" ind2="6">
    <subfield code="a">Perron, M&#xEF;&#xBF;&#xBD;lissa,</subfield>
    <subfield code="d">1980-</subfield>
    <subfield code="x">Enfance et jeunesse</subfield>
  </datafield>
  <datafield tag="650" ind1=" " ind2="6">
    <subfield code="a">&#xEF;&#xBF;&#xBD;crivaines qu&#xEF;&#xBF;&#xBD;b&#xEF;&#xBF;&#xBD;coises</subfield>
    <subfield code="y">21e si&#xEF;&#xBF;&#xBD;cle</subfield>
    <subfield code="v">Biographies</subfield>
  </datafield>
  <datafield tag="650" ind1=" " ind2="6">
    <subfield code="a">Autistes</subfield>
    <subfield code="z">Qu&#xEF;&#xBF;&#xBD;bec (Province)</subfield>
    <subfield code="v">Biographies</subfield>
  </datafield>
  <datafield tag="655" ind1=" " ind2="7">
    <subfield code="a">Autobiographies</subfield>
    <subfield code="2">rvmgf</subfield>
  </datafield>
  <datafield tag="942" ind1=" " ind2=" ">
    <subfield code="2">ddc</subfield>
    <subfield code="c">DOC ADULTE</subfield>
  </datafield>
  <datafield tag="999" ind1=" " ind2=" ">
    <subfield code="c">18876</subfield>
    <subfield code="d">18876</subfield>
  </datafield>
  <datafield tag="952" ind1=" " ind2=" ">
    <subfield code="0">0</subfield>
    <subfield code="1">0</subfield>
    <subfield code="2">ddc</subfield>
    <subfield code="4">0</subfield>
    <subfield code="7">0</subfield>
    <subfield code="a">HENRYVILLE</subfield>
    <subfield code="b">HENRYVILLE</subfield>
    <subfield code="d">2026-05-30</subfield>
    <subfield code="l">0</subfield>
    <subfield code="o">928.41 P459f</subfield>
    <subfield code="p">30001030038964</subfield>
    <subfield code="r">2026-05-30 10:35:37</subfield>
    <subfield code="w">2026-05-30</subfield>
    <subfield code="y">DOC ADULTE</subfield>
  </datafield>
</record>
